000 00383nam a22001457a 4500
020 _a0 7139 1023 2
082 _a940.51ALD
100 _a Aldcroft, Derek
_97359
245 _aFrom Versailles To Wall Street 1919-1929
260 _aLondon
_bAllen Lane Penguin Books Ltd
_c1977
300 _axi, 372p
500 _aIndex and bibliography
650 _aVersailles
_97360
942 _cBK
999 _c20361
_d20361